000 00564nam a22001817a 4500
003 UA-OsUOA
001 14260
007 ta
008 20030729b un ||||| |||| 00| 0 ukr d
100 _aЧансі А.
942 _cSA
040 _aUA-OsUOA
_cUA-OsUOA
_dUA-OsUOA
245 _aАпологія Майка Земельського : [Про творчість джаз. музиканта М Земельського (м.Рівне)]
300 _aС.10
955 _a0
773 0 _w0
_tОго
_dРівне
_d2003
_g№105/19 черв./
650 7 _aДжаз
_2UDC
999 _c300421
_d300421